Morocco : First Review Under the Arrangement Under the Precautionary and Liquidity Line-Press Release; Staff Report; and Statement by the Executive Director for Morocco.

This paper discusses Morocco's First Review Under the Arrangement Under the Precautionary and Liquidity Line (PLL). The Moroccan authorities are committed to sustaining sound policies. The government's economic program remains in line with key reforms agreed under the PLL arrangement, incl...

Πλήρης περιγραφή

Λεπτομέρειες βιβλιογραφικής εγγραφής
Συγγραφή απο Οργανισμό/Αρχή: International Monetary Fund. Middle East and Central Asia Dept
Μορφή: Επιστημονικό περιοδικό
Γλώσσα:English
Έκδοση: Washington, D.C. : International Monetary Fund, 2019.
Σειρά:IMF Staff Country Reports; Country Report ; No. 2019/317
Διαθέσιμο Online:Full text available on IMF
LEADER 02301cas a2200241 a 4500
001 AALejournalIMF015993
008 230101c9999 xx r poo 0 0eng d
020 |c 5.00 USD 
020 |z 9781513517506 
022 |a 1934-7685 
040 |a BD-DhAAL  |c BD-DhAAL 
110 2 |a International Monetary Fund.  |b Middle East and Central Asia Dept. 
245 1 0 |a Morocco :   |b First Review Under the Arrangement Under the Precautionary and Liquidity Line-Press Release; Staff Report; and Statement by the Executive Director for Morocco. 
264 1 |a Washington, D.C. :  |b International Monetary Fund,  |c 2019. 
300 |a 1 online resource (42 pages) 
490 1 |a IMF Staff Country Reports 
500 |a <strong>Off-Campus Access:</strong> No User ID or Password Required 
500 |a <strong>On-Campus Access:</strong> No User ID or Password Required 
506 |a Electronic access restricted to authorized BRAC University faculty, staff and students 
520 3 |a This paper discusses Morocco's First Review Under the Arrangement Under the Precautionary and Liquidity Line (PLL). The Moroccan authorities are committed to sustaining sound policies. The government's economic program remains in line with key reforms agreed under the PLL arrangement, including to further reduce fiscal and external vulnerabilities, while strengthening the foundations for higher and more inclusive growth. The transition to greater exchange rate flexibility initiated in 2018 is expected to enhance the economy's capacity to absorb shocks and preserve its external competitiveness. The current favorable economic environment remains supportive to continue this reform in a carefully sequenced and well-communicated manner. The report recommends that continued reforms are needed to raise potential growth and reduce high unemployment levels, especially among the youth, increase female labor participation, and reduce regional disparities. Reforms of education, governance, the labor market, and the business environment would help support more private sector-led growth and job creation. 
538 |a Mode of access: Internet 
830 0 |a IMF Staff Country Reports; Country Report ;  |v No. 2019/317 
856 4 0 |z Full text available on IMF  |u http://elibrary.imf.org/view/journals/002/2019/317/002.2019.issue-317-en.xml  |z IMF e-Library